Natural rubber products manufacturing industry with special emphasis on latex based products (Record no. 63614)

MARC details
000 -LEADER
fixed length control field 00347nam a2200109Ia 4500
100 ## - MAIN ENTRY--AUTHOR NAME
Personal name De Silva K G Karnika
245 #0 - TITLE STATEMENT
Title Natural rubber products manufacturing industry with special emphasis on latex based products
260 ## - PUBLICATION, DISTRIBUTION, ETC. (IMPRINT)
Name of publisher Plastics and Rubber Sri Lanka
Year of publication 1998
300 ## - PHYSICAL DESCRIPTION
Number of Pages 29-33
942 ## - ADDED ENTRY ELEMENTS (KOHA)
Koha item type Journals
Holdings
Withdrawn status Lost status Damaged status Not for loan Home library Current library Shelving location Date acquired Serial Enumeration / chronology Koha item type
      Journals RRII Library RRII Library Agricultural economics 17/12/2021 Volume 6, Issue Journals